| 000 | 02811cam a2200565 i 4500 | ||
|---|---|---|---|
| 001 | 200468175 | ||
| 003 | TR-AnTOB | ||
| 005 | 20260417121041.0 | ||
| 007 | ta | ||
| 008 | 820221t19621962nyu b 000 0 eng | ||
| 010 | _a 62009499 | ||
| 016 | 7 |
_a56620940R _2DNLM |
|
| 016 | _a(AMICUS)000004097036 | ||
| 016 | 7 |
_a000491923 _2Uk |
|
| 035 | _a(CLU)6089698-ucladb-Voyager | ||
| 035 |
_a(OCoLC)14626046 _z(OCoLC)270616 _z(OCoLC)7436047 _z(OCoLC)10414962 _z(OCoLC)976699159 _z(OCoLC)988687099 _z(OCoLC)1019177094 _z(OCoLC)1034960493 _z(OCoLC)1045735539 _z(OCoLC)1054230816 _z(OCoLC)1062979776 _z(OCoLC)1081545412 _z(OCoLC)1083392625 _z(OCoLC)1085943582 _z(OCoLC)1098828346 _z(OCoLC)1181399531 _z(OCoLC)1197976345 _z(OCoLC)1200998168 _z(OCoLC)1204454023 |
||
| 035 | _a(OCoLC)ocm14626046 | ||
| 035 | _a(EXLNZ-01UCS_NETWORK)9913142688206531 | ||
| 035 | _a(TR-AnTOB)200468175 | ||
| 040 |
_aNLM _beng _erda _cNLM _dSNU _dINU _dDLC _dBTCTA _dP4I _dOCLCF _dOCLCO _dOCLCQ _dOCLCO _dNLC _dOCLCA _dOCLCQ _dOCLCA _dUKMGB _dEZC _dHUELT _dBRX _dRULBL _dOCLCO _dCBA _dOCLCO _dBUF _dYBM _dOCLCO _dELZ _dOCLCO _dOCL _dOCLCO _dUOO _dOCLCO _dOCL _dYBM _dOCLCO _dJ9U _dOCLCO _dOCLCL _dOCLCQ _dOCLCL _dTR-AnTOB |
||
| 041 | 0 | _aeng | |
| 043 | _an-us-pa | ||
| 050 | 1 | 4 |
_aPS1134 _b.A78 1962 |
| 080 | _a820(73)-311.4 | ||
| 090 |
_aPS1134 _b.A78 1962 |
||
| 100 | 1 |
_aBrown, Charles Brockden, _d1771-1810 _eauthor _4aut _9153760 |
|
| 245 | 1 | 0 |
_aArthur Mervyn; or, Memoirs of the year 1793 / _cCharles Brockden Brown ; edited with an introduction by Warner Berthoff. |
| 246 | 1 | 0 | _aMemoirs of the year 1793 |
| 264 | 1 |
_aNew York : _bHolt, Rinehart, and Winston, _c1962. |
|
| 264 | 4 | _c©1962 | |
| 300 |
_axxvii, 430 pages ; _c21 cm |
||
| 336 |
_atext _btxt _2rdacontent |
||
| 337 |
_aunmediated _bn _2rdamedia |
||
| 338 |
_avolume _bnc _2rdacarrier |
||
| 340 |
_m8vo. _2rdabf |
||
| 490 | 0 |
_aRinehart editions ; _v112 |
|
| 504 | _aBIB | ||
| 520 | _aSet during the epic Philadelphia yellow fever epidemic of 1793, Charles Brockden Brown's classic gothic novel Arthur Mervyn; or, Memoirs of the Year 1793 connects the outbreak with the upheavals of the revolutionary era and the murderous financial networks of Atlantic slavery. | ||
| 650 | 0 |
_aYellow fever _vFiction _9153761 |
|
| 650 | 0 |
_aMurderers _vFiction _95089 |
|
| 650 | 0 |
_aYoung men _vFiction _95168 |
|
| 651 | 0 |
_aPhiladelphia (Pa.) _vFiction _95621 |
|
| 655 | 7 |
_aPsychological fiction _2lcgft _0http://id.loc.gov/authorities/genreForms/gf2014026492 _95034 |
|
| 655 | 7 |
_aHorror fiction _2lcgft _0http://id.loc.gov/authorities/genreForms/gf2014026373 _9153762 |
|
| 655 | 7 |
_aFiction _2lcgft _0https://id.loc.gov/authorities/genreForms/gf2014026339 _9151487 |
|
| 700 | 1 |
_aBerthoff, Warner _eeditor _4edt _ewriter of introduction _4win _9153505 |
|
| 942 |
_2lcc _cBK |
||
| 999 |
_c200468175 _d86387 |
||